[Event "Gibtelecom AmatWk1 8th"]
[Site "Gibraltar"]
[Date "2010.01.27"]
[Round "2.2"]
[White "Rujan, Rodel-Marinel"]
[Black "Manetto, Luis"]
[Result "1-0"]
[WhiteElo "1780"]
[BlackElo "1590"]
[PlyCount "114"]
[EventDate "2010.01.26"]
[EventType "swiss"]
[EventRounds "5"]
[EventCountry "GGB"]
[SourceTitle "BritBase"]
[Source "www.saund.co.uk"]
[SourceDate "2018.02.10"]
[SourceVersion "1"]
[SourceVersionDate "2018.02.10"]
[SourceQuality "1"]

1. c4 Nf6 2. g3 g6 3. Bg2 Bg7 4. Nc3 c6 5. d4 d5 6. cxd5 cxd5 7. Qb3 e6 8. Nf3
O-O 9. O-O Nc6 10. Rd1 Re8 11. Bf4 a6 12. Na4 b5 13. Nc5 Nd7 14. Rac1 Nxc5 15.
dxc5 Bb7 16. e4 Na5 17. Qb4 Rc8 18. exd5 exd5 19. Nd4 Nc6 20. Nxc6 Bxc6 21. Qd2
d4 22. Bxc6 Rxc6 23. b4 Ree6 24. Rc2 Qd5 25. Qd3 Rc8 26. f3 Rce8 27. h4 h6 28.
Kf2 g5 29. hxg5 hxg5 30. Bc1 Rh6 31. Kg2 Qe6 32. g4 Qe5 33. Rh1 Rxh1 34. Kxh1
Qe1+ 35. Kg2 Be5 36. Qe4 Qg3+ 37. Kf1 Qh3+ 38. Ke2 d3+ 39. Kxd3 Rd8+ 40. Ke3
Bf4+ 41. Qxf4 gxf4+ 42. Kxf4 Qh6+ 43. Kg3 Qg6 44. Re2 f5 45. Re5 Rf8 46. Bf4
Kh7 47. g5 Re8 48. Rd5 Qe6 49. Rd6 Qc8 50. a3 Re6 51. Rd5 Rg6 52. Rd2 Qe6 53.
Kf2 Qb3 54. Be5 Rxg5 55. c6 Qc4 56. Rd7+ Kg6 57. c7 Qc2+ {(unbelievably, the
score of this game really is 1-0)} 1-0

[Event "Gibtelecom AmatWk1 8th"]
[Site "Gibraltar"]
[Date "2010.01.27"]
[Round "2.3"]
[White "Gallardo Ribot, Laura"]
[Black "Oumalek, Achraf"]
[Result "1/2-1/2"]
[WhiteElo "1698"]
[BlackElo "1750"]
[PlyCount "70"]
[EventDate "2010.01.26"]
[EventType "swiss"]
[EventRounds "5"]
[EventCountry "GGB"]
[SourceTitle "BritBase"]
[Source "www.saund.co.uk"]
[SourceDate "2018.02.10"]
[SourceVersion "1"]
[SourceVersionDate "2018.02.10"]
[SourceQuality "1"]

1. e4 e5 2. Nf3 Nc6 3. Bc4 Bc5 4. d3 h6 5. Be3 Bb6 6. Nc3 Nf6 7. a3 d6 8. Qd2
Be6 9. Ba2 Qd7 10. Nh4 Ne7 11. Bxb6 axb6 12. f4 Bxa2 13. Nxa2 Qg4 14. g3 exf4
15. Qxf4 Qxf4 16. gxf4 g5 17. Ng2 gxf4 18. Nxf4 Ng6 19. Ne2 Nd7 20. Nac3 O-O-O
21. Nd4 Ne7 22. Rf1 Rdf8 23. Kd2 Ne5 24. h3 Rhg8 25. Rf2 Rg3 26. Rh1 c5 27.
Ndb5 Kd7 28. Rf6 Rg6 29. Rhf1 Nc8 30. Nd5 Kc6 31. a4 Rfg8 32. Ke1 Kd7 33. b4
R8g7 34. Kd2 Rxf6 35. Rxf6 Rg6 {illegible (43 moves)} 1/2-1/2

[Event "Gibtelecom AmatWk1 8th"]
[Site "Gibraltar"]
[Date "2010.01.27"]
[Round "2.4"]
[White "Agdestein, Sjur"]
[Black "Elfverson, Cajsa"]
[Result "0-1"]
[WhiteElo "1729"]
[BlackElo "1569"]
[PlyCount "56"]
[EventDate "2010.01.26"]
[EventType "swiss"]
[EventRounds "5"]
[EventCountry "GGB"]
[SourceTitle "BritBase"]
[Source "www.saund.co.uk"]
[SourceDate "2018.02.10"]
[SourceVersion "1"]
[SourceVersionDate "2018.02.10"]
[SourceQuality "1"]

1. e4 c5 2. Nf3 Nc6 3. d4 cxd4 4. Nxd4 g6 5. Nxc6 bxc6 6. Qd4 Nf6 7. e5 Nd5 8.
e6 f6 9. c4 Nc7 10. exd7+ Bxd7 11. Bd3 Bg7 12. b4 Ne6 13. Qb2 f5 14. Nc3 O-O
15. O-O Qc7 16. c5 Nf4 17. Bc4+ e6 18. Qb3 Rab8 19. Bb2 Nd5 20. a3 Rbd8 21.
Rad1 Kh8 22. Rfe1 Bc8 23. b5 cxb5 24. Nxd5 exd5 25. Bxg7+ Kxg7 26. Qc3+ Rf6 27.
Bxd5 a6 28. Re5 Bd7 {no further moves recorded} 0-1

[Event "Gibtelecom AmatWk1 8th"]
[Site "Gibraltar"]
[Date "2010.01.27"]
[Round "2.5"]
[White "Brooks, Harry"]
[Black "Hirneise, Lothar"]
[Result "0-1"]
[WhiteElo "1552"]
[BlackElo "1707"]
[PlyCount "88"]
[EventDate "2010.01.26"]
[EventType "swiss"]
[EventRounds "5"]
[EventCountry "GGB"]
[SourceTitle "BritBase"]
[Source "www.saund.co.uk"]
[SourceDate "2018.02.10"]
[SourceVersion "1"]
[SourceVersionDate "2018.02.10"]
[SourceQuality "1"]

1. d4 d5 2. Nf3 Bf5 3. Bf4 e6 4. e3 Bb4+ 5. c3 Bd6 6. Ne5 Bxe5 7. Bxe5 Nf6 8.
h3 O-O 9. Nd2 Nbd7 10. Nf3 h6 11. Be2 Be4 12. Bd3 c6 13. Bxe4 Nxe4 14. O-O Qb6
15. Qb3 Qa6 16. Rad1 Rac8 17. Bh2 c5 18. a3 Rc6 19. Qc2 Rfc8 20. Ne5 Nxe5 21.
Bxe5 c4 22. f3 Nd6 23. Bxd6 Rxd6 24. e4 Rb6 25. Rfe1 Qb5 26. Rb1 Qd7 27. Qe2
Kf8 28. exd5 exd5 29. Kf2 Re8 30. Qxe8+ Qxe8 31. Rxe8+ Kxe8 32. Ke3 Ke7 33. Kd2
Kf6 34. Kc2 Re6 35. Kd2 Kf5 36. g3 g5 37. b4 h5 38. Re1 h4 39. gxh4 Rxe1 40.
Kxe1 gxh4 41. b5 Kf4 42. Kf2 a6 43. b6 a5 44. a4 f6 0-1

[Event "Gibtelecom AmatWk1 8th"]
[Site "Gibraltar"]
[Date "2010.01.27"]
[Round "2.6"]
[White "Agdestein, Victoria"]
[Black "Homer, Neil S"]
[Result "0-1"]
[WhiteElo "1000"]
[BlackElo "1704"]
[PlyCount "66"]
[EventDate "2010.01.26"]
[EventType "swiss"]
[EventRounds "5"]
[EventCountry "GGB"]
[SourceTitle "BritBase"]
[Source "www.saund.co.uk"]
[SourceDate "2018.02.10"]
[SourceVersion "1"]
[SourceVersionDate "2018.02.10"]
[SourceQuality "1"]

1. e4 c6 2. d4 d5 3. Nc3 dxe4 4. Nxe4 Bf5 5. Nc3 Nf6 6. Nf3 Nbd7 7. Bc4 e6 8.
a3 Be7 9. O-O Bg4 10. h3 Bh5 11. Re1 O-O 12. Qd3 Nb6 13. Bb3 Bxf3 14. Qxf3 Qxd4
15. Rd1 Qe5 16. Bf4 Qh5 17. Qg3 Nbd5 18. Bxd5 Nxd5 19. Ne4 Bh4 20. Qd3 Nxf4 21.
Qd7 Rad8 22. g4 Nxh3+ 23. Kf1 Qb5+ 24. Kg2 Nf4+ 25. Kf3 Rxd7 26. Rxd7 Nd5 27.
g5 f6 28. gxf6 Nxf6 29. Nxf6+ Rxf6+ 30. Kg2 Qg5+ 31. Kf1 Rxf2+ 32. Ke1 Qe3+ 33.
Kd1 Rf1# 0-1

[Event "Gibtelecom AmatWk1 8th"]
[Site "Gibraltar"]
[Date "2010.01.27"]
[Round "2.7"]
[White "Garcia, Mario"]
[Black "Tomassetti, Giuseppe"]
[Result "1/2-1/2"]
[WhiteElo "1663"]
[BlackElo "1704"]
[PlyCount "88"]
[EventDate "2010.01.26"]
[EventType "swiss"]
[EventRounds "5"]
[EventCountry "GGB"]
[SourceTitle "BritBase"]
[Source "www.saund.co.uk"]
[SourceDate "2018.02.10"]
[SourceVersion "1"]
[SourceVersionDate "2018.02.10"]
[SourceQuality "1"]

1. e4 d6 2. d4 Nf6 3. Nc3 g6 4. Nf3 Bg7 5. Bc4 O-O 6. O-O Nxe4 7. Bxf7+ Rxf7 8.
Nxe4 d5 9. Neg5 Rf8 10. Qe2 Qd6 11. Re1 Bf6 12. Ne6 Rf7 13. Bf4 Qxe6 14. Qxe6
Bxe6 15. Rxe6 c6 16. Bh6 Nd7 17. Rae1 Nf8 18. R6e2 Re8 19. Ng5 Bxg5 20. Bxg5 e6
21. Bh6 Rfe7 22. Re3 a6 23. Bxf8 Kxf8 24. Re5 Kf7 25. R1e3 Rf8 26. Rh3 Kf6 27.
Rf3+ Kg7 28. Rxf8 Kxf8 29. g3 Kf7 30. Kg2 Kf6 31. h4 Rf7 32. Re3 Ke7 33. Rf3
Rf5 34. g4 Rf6 35. Kg3 Rxf3+ 36. Kxf3 Kf6 37. Kf4 b6 38. g5+ Ke7 39. Ke5 c5 40.
c3 c4 41. f3 b5 42. a3 a5 43. Kf4 Kd6 44. Ke3 e5 1/2-1/2

[Event "Gibtelecom AmatWk1 8th"]
[Site "Gibraltar"]
[Date "2010.01.27"]
[Round "2.8"]
[White "Hegelund, Ole Jakob"]
[Black "Whatley, Stephen A J"]
[Result "1-0"]
[WhiteElo "1702"]
[BlackElo "1408"]
[PlyCount "95"]
[EventDate "2010.01.26"]
[EventType "swiss"]
[EventRounds "5"]
[EventCountry "GGB"]
[SourceTitle "BritBase"]
[Source "www.saund.co.uk"]
[SourceDate "2018.02.10"]
[SourceVersion "1"]
[SourceVersionDate "2018.02.10"]
[SourceQuality "1"]

1. d4 Nf6 2. c4 g6 3. g3 Bg7 4. Nc3 d5 5. cxd5 Nxd5 6. Bg2 Nxc3 7. bxc3 O-O 8.
e4 e5 9. Be3 exd4 10. Bxd4 c5 11. Bxg7 Qxd1+ 12. Rxd1 Kxg7 13. Ne2 Nc6 14. Nf4
Re8 15. O-O Bg4 16. f3 Be6 17. Nxe6+ Rxe6 18. Rd7 Re7 19. Rxe7 Nxe7 20. Rd1 Nc6
21. Rd7 Rb8 22. f4 a6 23. e5 Nd8 24. Bd5 b6 25. e6 Nxe6 26. Bxe6 Re8 27. Bxf7
Re3 28. Bc4+ Kh6 29. Bg8 g5 30. f5 g4 31. f6 Rxc3 32. f7 Rf3 33. Rd6+ Kg7 34.
Rxb6 Ra3 35. Rc6 Rc3 36. Rxa6 c4 37. Ra8 Rf3 38. f8=Q+ Rxf8 39. Rxf8 Kxf8 40.
Bxc4 Ke7 41. Kf2 Kf6 42. a4 Ke5 43. a5 Kd6 44. Ke3 Kc5 45. Kf4 h5 46. Kg5 h4
47. gxh4 Kd6 48. h5 1-0

[Event "Gibtelecom AmatWk1 8th"]
[Site "Gibraltar"]
[Date "2010.01.27"]
[Round "2.9"]
[White "Reci, Nadja"]
[Black "Coats, Jon R"]
[Result "0-1"]
[WhiteElo "1544"]
[BlackElo "1696"]
[PlyCount "46"]
[EventDate "2010.01.26"]
[EventType "swiss"]
[EventRounds "5"]
[EventCountry "GGB"]
[SourceTitle "BritBase"]
[Source "www.saund.co.uk"]
[SourceDate "2018.02.10"]
[SourceVersion "1"]
[SourceVersionDate "2018.02.10"]
[SourceQuality "1"]

1. g3 d5 2. Nf3 c5 3. Bg2 Nc6 4. O-O Nf6 5. d3 e5 6. e4 d4 7. Nbd2 Be7 8. b3
O-O 9. Qe2 b5 10. Bb2 Bg4 11. c3 Qd7 12. h3 Bxh3 13. Bxh3 Qxh3 14. Nh2 Nh5 15.
Qf3 f5 16. exf5 Rac8 17. g4 Nf4 18. Qxh3 Nxh3+ 19. Kg2 Nf4+ 20. Kf3 Nxd3 21.
Bc1 dxc3 22. Ne4 Nd4+ 23. Kg2 b4 0-1

[Event "Gibtelecom AmatWk1 8th"]
[Site "Gibraltar"]
[Date "2010.01.27"]
[Round "2.10"]
[White "Carlsen, Ingrid Oen"]
[Black "Haddock, Paul"]
[Result "1-0"]
[WhiteElo "1508"]
[BlackElo "1793"]
[PlyCount "125"]
[EventDate "2010.01.26"]
[EventType "swiss"]
[EventRounds "5"]
[EventCountry "GGB"]
[SourceTitle "BritBase"]
[Source "www.saund.co.uk"]
[SourceDate "2018.02.10"]
[SourceVersion "1"]
[SourceVersionDate "2018.02.10"]
[SourceQuality "1"]

1. e4 c5 2. Nf3 d6 3. d4 cxd4 4. Nxd4 Nf6 5. Nc3 a6 6. Be3 Bd7 7. f3 Nc6 8. Qd2
e6 9. O-O-O Be7 10. Kb1 Rc8 11. g4 b5 12. g5 Nh5 13. h4 Ng3 14. Rg1 Nxf1 15.
Rdxf1 e5 16. Nf5 Bxf5 17. exf5 Qa5 18. g6 hxg6 19. fxg6 f6 20. Qd5 Nd8 21. h5
Rxc3 22. bxc3 Qxc3 23. Qb3 Qxb3+ 24. axb3 Rxh5 25. Rh1 Rf5 26. Rh8+ Kd7 27. Rg8
Ne6 28. Ra8 Nc7 29. Ra7 Kc6 30. c4 bxc4 31. bxc4 Bf8 32. Kc2 e4 33. f4 d5 34.
cxd5+ Nxd5 35. Bd4 Bc5 36. Bxc5 Kxc5 37. Kd2 e3+ 38. Ke2 Nxf4+ 39. Kxe3 Ng2+
40. Ke2 Nf4+ 41. Kd2 Rd5+ 42. Kc2 Nxg6 43. Rxg7 Ne5 44. Rxf6 a5 45. Rc7+ Kd4
46. Rf4+ Ke3 47. Ra4 Rd2+ 48. Kb3 Rd3+ 49. Rc3 Rxc3+ 50. Kxc3 Nc6 51. Kc4 Ne5+
52. Kd5 Nd3 53. Rxa5 Kd2 54. Kd4 Nb4 55. Rc5 Nc2+ 56. Ke4 Ne1 57. Rd5+ Ke2 58.
Ra5 Nc2 59. Rh5 Ne1 60. Rh2+ Kd1 61. Ke3 Nc2+ 62. Kd3 Ne1+ 63. Kc3 1-0

[Event "Gibtelecom AmatWk1 8th"]
[Site "Gibraltar"]
[Date "2010.01.27"]
[Round "2.11"]
[White "Albrecht, Franz"]
[Black "Kuenitz, Klaus"]
[Result "0-1"]
[WhiteElo "1546"]
[BlackElo "1755"]
[PlyCount "98"]
[EventDate "2010.01.26"]
[EventType "swiss"]
[EventRounds "5"]
[EventCountry "GGB"]
[SourceTitle "BritBase"]
[Source "www.saund.co.uk"]
[SourceDate "2018.02.10"]
[SourceVersion "1"]
[SourceVersionDate "2018.02.10"]
[SourceQuality "1"]

1. d4 f5 2. c4 g6 3. Nc3 Nf6 4. Nf3 Bg7 5. e3 O-O 6. Be2 d6 7. O-O Qe8 8. b3 e5
9. dxe5 dxe5 10. Bb2 c6 11. a4 h6 12. Qc2 g5 13. Ba3 Rf7 14. c5 Kh8 15. Bc4 Rf8
16. Rad1 Ng4 17. h3 Nf6 18. b4 g4 19. hxg4 Nxg4 20. Nh2 Nxh2 21. Kxh2 e4 22. g3
Nd7 23. f3 exf3 24. Rxd7 Bxd7 25. Rxf3 Qh5+ 26. Kg2 Rae8 27. Bb2 Qg5 28. Bc1
Be6 29. e4 Qg6 30. Bxe6 Qxe6 31. exf5 Qc4 32. Qd2 Rd8 33. Qc2 Bxc3 34. Rxc3
Qd5+ 35. Rf3 h5 36. Bb2+ Kg8 37. Bc1 Rf7 38. Kf2 Rdf8 39. Bh6 Rxf5 40. Rxf5
Rxf5+ 41. Bf4 h4 42. Qe2 hxg3+ 43. Kxg3 Qf7 44. Qf2 Qg6+ 45. Kf3 Rd5 46. Bd6
Qf5+ 47. Ke3 Rd3+ 48. Ke2 Rd2+ 49. Kxd2 Qxf2+ 0-1

[Event "Gibtelecom AmatWk1 8th"]
[Site "Gibraltar"]
[Date "2010.01.27"]
[Round "2.12"]
[White "Apps, Ian"]
[Black "McGladdery, David G"]
[Result "0-1"]
[WhiteElo "1224"]
[BlackElo "1664"]
[PlyCount "70"]
[EventDate "2010.01.26"]
[EventType "swiss"]
[EventRounds "5"]
[EventCountry "GGB"]
[SourceTitle "BritBase"]
[Source "www.saund.co.uk"]
[SourceDate "2018.02.10"]
[SourceVersion "1"]
[SourceVersionDate "2018.02.10"]
[SourceQuality "1"]

1. d4 c6 2. e4 d5 3. Nc3 dxe4 4. Nxe4 Bf5 5. Ng3 Bg6 6. Nf3 h6 7. Bc4 Nd7 8.
Bf4 e6 9. O-O Ngf6 10. a3 Be7 11. c3 O-O 12. Bd3 Nd5 13. Ne2 Bh5 14. Be4 N7f6
15. Qd3 Nxe4 16. Qxe4 Bg6 17. Bc7 Qxc7 18. Qg4 Nf6 19. Qg3 Qxg3 20. Nxg3 Bd6
21. Ne5 Bxe5 22. dxe5 Ne4 23. Nxe4 Bxe4 24. Rad1 Rad8 25. Rd4 Rxd4 26. cxd4 Rd8
27. Rd1 c5 28. f3 Bc6 29. Kf2 Rxd4 30. Ke2 Rxd1 31. Kxd1 Kf8 32. Kc2 b5 33. Kc3
a5 34. b4 cxb4+ 35. axb4 a4 0-1

[Event "Gibtelecom AmatWk1 8th"]
[Site "Gibraltar"]
[Date "2010.01.27"]
[Round "2.13"]
[White "Cramling Bellon, Anna Yolanda"]
[Black "Poggio, Freddie"]
[Result "0-1"]
[WhiteElo "1000"]
[BlackElo "1640"]
[PlyCount "56"]
[EventDate "2010.01.26"]
[EventType "swiss"]
[EventRounds "5"]
[EventCountry "GGB"]
[SourceTitle "BritBase"]
[Source "www.saund.co.uk"]
[SourceDate "2018.02.10"]
[SourceVersion "1"]
[SourceVersionDate "2018.02.10"]
[SourceQuality "1"]

1. e4 c5 2. Nc3 Nc6 3. Nf3 e5 4. Bb5 d6 5. O-O Bd7 6. d3 a6 7. Bxc6 Bxc6 8. Bg5
Be7 9. Qd2 h6 10. Bxe7 Nxe7 11. Ne2 O-O 12. Ng3 f5 13. Qe3 f4 14. Qe2 fxg3 15.
hxg3 Ng6 16. g4 Nf4 17. Qd1 Bd7 18. Nd2 Qg5 19. f3 h5 20. g3 Nh3+ 21. Kg2 hxg4
22. fxg4 Bxg4 23. Qe1 Rxf1 24. Nxf1 Rf8 25. Kh1 Rf2 26. Nh2 Bf3+ 27. Nxf3 Qxg3
28. Qxf2 Nxf2# 0-1

[Event "Gibtelecom AmatWk1 8th"]
[Site "Gibraltar"]
[Date "2010.01.27"]
[Round "2.14"]
[White "Apps, Matthew"]
[Black "Fetzner, Frank"]
[Result "0-1"]
[WhiteElo "1000"]
[BlackElo "1592"]
[PlyCount "64"]
[EventDate "2010.01.26"]
[EventType "swiss"]
[EventRounds "5"]
[EventCountry "GGB"]
[SourceTitle "BritBase"]
[Source "www.saund.co.uk"]
[SourceDate "2018.02.10"]
[SourceVersion "1"]
[SourceVersionDate "2018.02.10"]
[SourceQuality "1"]

1. d4 Nf6 2. Nf3 g6 3. g3 Bg7 4. Bg2 d6 5. c4 O-O 6. Nc3 Nbd7 7. Be3 Re8 8. d5
Nb6 9. Nd2 Rb8 10. Na4 e6 11. Nxb6 axb6 12. Bg5 h6 13. Bxf6 Qxf6 14. O-O Qxb2
15. Rb1 Qxa2 16. Nb3 exd5 17. Bxd5 Qxe2 18. Nd4 Qxd1 19. Rbxd1 Bh3 20. Bg2 Bxg2
21. Kxg2 Re4 22. Nb5 Rxc4 23. Rb1 d5 24. Rfc1 Rxc1 25. Rxc1 c6 26. Nc3 Bxc3 27.
Rxc3 f6 28. h4 Kf7 29. g4 Re8 30. Rf3 h5 31. gxh5 gxh5 32. Rg3 Rg8 0-1

[Event "Gibtelecom AmatWk1 8th"]
[Site "Gibraltar"]
[Date "2010.01.27"]
[Round "2.15"]
[White "Cox, Marian"]
[Black "Barros Campoy, Jose Manuel"]
[Result "0-1"]
[WhiteElo "1384"]
[BlackElo "1585"]
[PlyCount "96"]
[EventDate "2010.01.26"]
[EventType "swiss"]
[EventRounds "5"]
[EventCountry "GGB"]
[SourceTitle "BritBase"]
[Source "www.saund.co.uk"]
[SourceDate "2018.02.10"]
[SourceVersion "1"]
[SourceVersionDate "2018.02.10"]
[SourceQuality "1"]

1. e4 c5 2. Nf3 d6 3. Nc3 a6 4. a4 Nf6 5. Bc4 e6 6. O-O Be7 7. d3 O-O 8. Bg5
Nbd7 9. Re1 Qc7 10. Ba2 b6 11. h3 Bb7 12. Qd2 Rfe8 13. d4 cxd4 14. Nxd4 Rac8
15. f3 Bf8 16. Rac1 Ne5 17. Nd1 Nc4 18. Bxc4 Qxc4 19. b3 Qc7 20. Nf2 Qc3 21.
Qxc3 Rxc3 22. Ne2 Rc7 23. c4 Rec8 24. Be3 Nd7 25. Red1 Nc5 26. Bxc5 dxc5 27.
Nc3 Be7 28. Ng4 f5 29. exf5 exf5 30. Ne3 Bg5 31. Kf2 Re8 32. Re1 Rce7 33. Ncd5
f4 34. Nxe7+ Rxe7 35. Nf5 Rd7 36. Rcd1 Bc6 37. Rxd7 Bxd7 38. Re5 Bf6 39. Rd5
Be6 40. Rd6 Bxf5 41. Rxb6 a5 42. Rb5 Bc3 43. Ke2 Bb4 44. Kd1 Bd3 45. Rb6 Bf1
46. h4 Bxg2 47. Ke2 Bh3 48. Kd3 Bf5+ 0-1

[Event "Gibtelecom AmatWk1 8th"]
[Site "Gibraltar"]
[Date "2010.01.27"]
[Round "2.16"]
[White "Apps, Ray"]
[Black "Candano Gonzalez, Alvaro"]
[Result "0-1"]
[WhiteElo "1000"]
[BlackElo "1540"]
[PlyCount "52"]
[EventDate "2010.01.26"]
[EventType "swiss"]
[EventRounds "5"]
[EventCountry "GGB"]
[SourceTitle "BritBase"]
[Source "www.saund.co.uk"]
[SourceDate "2018.02.10"]
[SourceVersion "1"]
[SourceVersionDate "2018.02.10"]
[SourceQuality "1"]

1. d4 g6 2. Nf3 Bg7 3. e4 c5 4. c3 cxd4 5. cxd4 d5 6. Nc3 Bg4 7. h3 dxe4 8. Nb5
Bxf3 9. gxf3 Nf6 10. Bd3 exd3 11. Qxd3 Nc6 12. O-O a6 13. d5 axb5 14. dxc6 Qxd3
15. Rd1 Qxd1+ 16. Kh2 Nh5 17. cxb7 Rb8 18. Rb1 Bxb2 19. Bf4 Qxb1 20. Bxb8 O-O
21. Bc7 Qf5 22. b8=Q Rxb8 23. Bxb8 e5 24. Kh1 Qxf3+ 25. Kg1 Nf4 26. Kf1 Qd1#
0-1

[Event "Gibtelecom AmatWk1 8th"]
[Site "Gibraltar"]
[Date "2010.01.27"]
[Round "2.18"]
[White "Agdestein, Fredrik"]
[Black "Berggren, Klas"]
[Result "1-0"]
[WhiteElo "1306"]
[BlackElo "1364"]
[PlyCount "129"]
[EventDate "2010.01.26"]
[EventType "swiss"]
[EventRounds "5"]
[EventCountry "GGB"]
[SourceTitle "BritBase"]
[Source "www.saund.co.uk"]
[SourceDate "2018.02.10"]
[SourceVersion "1"]
[SourceVersionDate "2018.02.10"]
[SourceQuality "1"]

1. e4 e5 2. Nf3 Nc6 3. Bb5 a6 4. Ba4 Nf6 5. O-O b5 6. Bb3 Be7 7. Re1 d6 8. h3
Na5 9. c3 Nxb3 10. axb3 c5 11. d4 cxd4 12. cxd4 Qc7 13. Nbd2 O-O 14. Nf1 h6 15.
Ng3 Re8 16. Nh4 Bb7 17. d5 b4 18. Nhf5 Bf8 19. Nh5 Qd8 20. Nxf6+ Qxf6 21. Re3
Kh7 22. Rg3 g6 23. Qg4 h5 24. Qh4 Qxh4 25. Nxh4 Rec8 26. Rd3 Rc2 27. f3 Be7 28.
g3 Bxh4 29. gxh4 Bc8 30. f4 Re2 31. Re3 Rxe3 32. Bxe3 Bxh3 33. fxe5 dxe5 34.
Bc5 Bg4 35. Bxb4 Bf3 36. Re1 Rc8 37. Bc3 f6 38. Re3 Bg4 39. Kf2 Kg7 40. Rd3 Kf7
41. Ke3 Ke7 42. Bb4+ Kd7 43. Rc3 f5 44. Rxc8 Kxc8 45. Bd6 f4+ 46. Kd3 f3 47.
Ke3 Kd7 48. Bxe5 Ke8 49. Bg3 Kd7 50. Kd4 Ke7 51. Ke5 Kd7 52. Kd4 Ke7 53. Kc5
Kd8 54. Kc6 Bd7+ 55. Kd6 Ke8 56. e5 Bc8 57. e6 Kd8 58. Kc6 Ke8 59. Bf2 Bxe6 60.
dxe6 Ke7 61. Kd5 Ke8 62. Kd6 Kd8 63. Bb6+ Ke8 64. e7 a5 65. Bf2 1-0

[Event "Gibtelecom AmatWk1 8th"]
[Site "Gibraltar"]
[Date "2010.01.27"]
[Round "2.19"]
[White "Yarur Rescaglio, Maria Jose"]
[Black "Cox, Reginald"]
[Result "0-1"]
[WhiteElo "1000"]
[BlackElo "1352"]
[PlyCount "60"]
[EventDate "2010.01.26"]
[EventType "swiss"]
[EventRounds "5"]
[EventCountry "GGB"]
[SourceTitle "BritBase"]
[Source "www.saund.co.uk"]
[SourceDate "2018.02.10"]
[SourceVersion "1"]
[SourceVersionDate "2018.02.10"]
[SourceQuality "1"]

1. e4 c5 2. Nf3 d6 3. Bc4 h6 4. Nc3 Nf6 5. h3 Nc6 6. b3 e6 7. O-O Be7 8. Re1 a6
9. Bb2 b5 10. Bf1 O-O 11. a4 b4 12. Na2 e5 13. Bc4 Rb8 14. c3 a5 15. cxb4 axb4
16. Bd5 Bb7 17. Nh4 Nxd5 18. exd5 Na5 19. Nf5 Bxd5 20. Nxe7+ Qxe7 21. Nc1 Qg5
22. g3 f5 23. Bxe5 dxe5 24. Rxe5 Rbd8 25. Ne2 Nc6 26. f4 Qh5 27. Rxd5 Rxd5 28.
Kh2 Re8 29. Rc1 Qxe2+ 30. Qxe2 Rxe2+ 0-1

[Event "Gibtelecom AmatWk1 8th"]
[Site "Gibraltar"]
[Date "2010.01.27"]
[Round "2.20"]
[White "Jacobsen, Caroline Beer"]
[Black "Grodas, Margrethe Bjerkem"]
[Result "1-0"]
[WhiteElo "1300"]
[BlackElo "1000"]
[PlyCount "43"]
[EventDate "2010.01.26"]
[EventType "swiss"]
[EventRounds "5"]
[EventCountry "GGB"]
[SourceTitle "BritBase"]
[Source "www.saund.co.uk"]
[SourceDate "2018.02.10"]
[SourceVersion "1"]
[SourceVersionDate "2018.02.10"]
[SourceQuality "1"]

1. e4 e5 2. Nf3 Nc6 3. Bb5 Bc5 4. O-O Nf6 5. Re1 Bd6 6. c3 O-O 7. d4 a6 8. Bxc6
dxc6 9. dxe5 Ng4 10. exd6 cxd6 11. Bf4 d5 12. exd5 cxd5 13. Nbd2 Qf6 14. Bg5
Qg6 15. h3 Nh6 16. Nf1 f6 17. Bxh6 Qxh6 18. Qxd5+ Be6 19. Rxe6 Rad8 20. Rd6+
Kh8 21. Rxd8 Rxd8 22. Qxd8# 1-0

[Event "Gibtelecom AmatWk1 8th"]
[Site "Gibraltar"]
[Date "2010.01.28"]
[Round "3.1"]
[White "Homer, Neil S"]
[Black "Sigamoney, Cyril S"]
[Result "0-1"]
[WhiteElo "1704"]
[BlackElo "1783"]
[PlyCount "108"]
[EventDate "2010.01.26"]
[EventType "swiss"]
[EventRounds "5"]
[EventCountry "GGB"]
[SourceTitle "BritBase"]
[Source "www.saund.co.uk"]
[SourceDate "2018.02.10"]
[SourceVersion "1"]
[SourceVersionDate "2018.02.10"]
[SourceQuality "1"]

1. Nf3 d5 2. d4 Nf6 3. c4 c6 4. Nc3 e6 5. Bg5 dxc4 6. e4 b5 7. e5 h6 8. Bh4 g5
9. Nxg5 hxg5 10. Bxg5 Nbd7 11. exf6 Bb7 12. f3 Bh6 13. Bxh6 Rxh6 14. Qd2 Qxf6
15. Ne4 Qh8 16. Nd6+ Kf8 17. Nxb7 Rxh2 18. Rxh2 Qxh2 19. O-O-O Nb6 20. g4 Qh7
21. Nc5 a5 22. Bg2 Nd5 23. Rh1 Qg7 24. Qh6 Rd8 25. Qxg7+ Kxg7 26. Re1 c3 27.
bxc3 Nxc3 28. Kb2 Rxd4 29. Nxe6+ fxe6 30. Kxc3 Ra4 31. Kb3 Rb4+ 32. Kc2 Rc4+
33. Kd3 Ra4 34. Re2 Kf6 35. Rc2 Ke5 36. Ke3 Ra3+ 37. Kf2 Kf4 38. Bh1 c5 39. Ke2
c4 40. Kd2 Rd3+ 41. Kc1 c3 42. Re2 Rd8 43. Rxe6 Rh8 44. Re1 b4 45. Kc2 Rh2+ 46.
Kb1 Rb2+ 47. Ka1 Rh2 48. Rg1 a4 49. g5 b3 50. axb3 axb3 51. Kb1 Rb2+ 52. Ka1
Ra2+ 53. Kb1 c2+ 54. Kc1 Ra1+ {(both scores have missing/incorrect moves but I
think that is what happened)} 0-1

[Event "Gibtelecom AmatWk1 8th"]
[Site "Gibraltar"]
[Date "2010.01.28"]
[Round "3.2"]
[White "Coats, Jon R"]
[Black "Rujan, Rodel-Marinel"]
[Result "0-1"]
[WhiteElo "1696"]
[BlackElo "1780"]
[PlyCount "56"]
[EventDate "2010.01.26"]
[EventType "swiss"]
[EventRounds "5"]
[EventCountry "GGB"]
[SourceTitle "BritBase"]
[Source "www.saund.co.uk"]
[SourceDate "2018.02.10"]
[SourceVersion "1"]
[SourceVersionDate "2018.02.10"]
[SourceQuality "1"]

1. Nf3 Nf6 2. c4 d6 3. Nc3 g6 4. b4 Bg7 5. Bb2 O-O 6. d3 e5 7. e4 Nh5 8. Be2 a5
9. a3 f5 10. O-O Nf4 11. Ne1 Nc6 12. Nd5 fxe4 13. dxe4 Nxe2+ 14. Qxe2 Nd4 15.
Qd3 c6 16. Nc3 axb4 17. axb4 Rxa1 18. Bxa1 Qb6 19. b5 cxb5 20. cxb5 Bd7 21. Nc2
Nxb5 22. Rb1 Qxf2+ 23. Kh1 Nxc3 24. Bxc3 Bc6 25. Ne3 Kh8 26. Rf1 Bxe4 27. Qb5
Bxg2+ 28. Nxg2 Qxf1+ 0-1

[Event "Gibtelecom AmatWk1 8th"]
[Site "Gibraltar"]
[Date "2010.01.28"]
[Round "3.3"]
[White "Hirneise, Lothar"]
[Black "Hegelund, Ole Jakob"]
[Result "0-1"]
[WhiteElo "1707"]
[BlackElo "1702"]
[PlyCount "80"]
[EventDate "2010.01.26"]
[EventType "swiss"]
[EventRounds "5"]
[EventCountry "GGB"]
[SourceTitle "BritBase"]
[Source "www.saund.co.uk"]
[SourceDate "2018.02.10"]
[SourceVersion "1"]
[SourceVersionDate "2018.02.10"]
[SourceQuality "1"]

1. d4 Nf6 2. c4 c5 3. d5 b5 4. b3 d6 5. Bb2 Nbd7 6. Nf3 bxc4 7. bxc4 Nb6 8.
Bxf6 gxf6 9. Nbd2 Bf5 10. e3 Bg7 11. Be2 Qc7 12. O-O h5 13. Nh4 Bg6 14. a4 a5
15. Nb1 f5 16. Ra3 Nd7 17. Qc2 O-O 18. Bd3 Bf6 19. Bxf5 Bxh4 20. Bxg6 Nf6 21.
Bd3 Kh8 22. Be2 Qd7 23. Nc3 Rg8 24. Kh1 Rg7 25. Rb3 Rag8 26. Bf3 Rxg2 {(=)} 27.
Bxg2 Rxg2 28. Rg1 Rxg1+ 29. Kxg1 Qg4+ 30. Kf1 Qh3+ 31. Ke1 Qxh2 32. Nd1 Kg7 33.
Rb5 Ng4 34. Qf5 Ne5 35. Rb7 Nxc4 36. Qf4 Qxf4 37. exf4 Bf6 38. Ke2 Kg6 39. Kd3
Na3 40. Rb3 c4+ 0-1